[Event "Florence Move A"]
[Site "Firenze ITA"]
[Date "2012.10.06"]
[Round "2"]
[White "Collutiis, Duilio"]
[Black "Cecconi, Giovanni Alberto"]
[WhiteElo "2501"]
[BlackElo "2148"]
[Result "1-0"]
[PlyCount "73"]
[EventDate "2012.10.05"]

1. g3 d6 2. c4 f5 3. Bg2 Nf6 4. Nc3 g6 5. d3 Bg7 6. e4 c6 7. Nf3 O-O 8. O-O Na6
9. Rb1 Nc5 10. Re1 Ng4 11. Na4 fxe4 12. dxe4 Qa5 13. Nxc5 Qxc5 14. Qe2 Qh5 15.
h3 Ne5 16. Nxe5 Qxe2 17. Rxe2 Bxe5 18. Be3 Be6 19. b3 a5 20. c5 a4 21. f4 Bf6
22. bxa4 Bc4 23. Rf2 Rxa4 24. cxd6 exd6 25. Rd2 b5 26. Rxd6 Bxa2 27. Rc1 b4 28.
e5 Bd8 29. Bxc6 Ra5 30. Rcd1 b3 31. Rxd8 b2 32. e6 Bxe6 33. Rxf8+ Kxf8 34. Bd4
Bd5 35. Bd7 Bb3 36. Rb1 Rd5 37. Bxb2 1-0

[Event "Florence Move A"]
[Site "Firenze ITA"]
[Date "2012.10.06"]
[Round "2"]
[White "Madiai, Federico"]
[Black "Dvirnyy, Danyyil"]
[WhiteElo "2193"]
[BlackElo "2522"]
[Result "0-1"]
[PlyCount "81"]
[EventDate "2012.10.05"]

1. e4 c5 2. c3 d6 3. d4 Nf6 4. Bd3 Qc7 5. Nf3 g6 6. O-O Bg7 7. h3 O-O 8. Be3
Nbd7 9. Nbd2 a6 10. a4 b6 11. b4 Bb7 12. Qe2 Rfe8 13. a5 b5 14. Rac1 c4 15. Bb1
e5 16. d5 Nh5 17. Rfe1 Rf8 18. Qf1 Rae8 19. Nh4 Qd8 20. g3 Kh8 21. Ndf3 Bc8 22.
Ng2 f5 23. exf5 gxf5 24. Bg5 Bf6 25. h4 Ng7 26. Rcd1 Bxg5 27. Nxg5 h6 28. Ne6
Nxe6 29. dxe6 Rxe6 30. Nf4 Ref6 31. Nd5 Rg6 32. Qh3 Nf6 33. Nb6 Nh5 34. Nxc8
Qxc8 35. Kh2 Qe6 36. Rd2 d5 37. Red1 d4 38. cxd4 e4 39. Rg1 Qd6 40. f3 Rfg8 41.
Rdg2 0-1

[Event "Florence Move A"]
[Site "Firenze ITA"]
[Date "2012.10.06"]
[Round "2"]
[White "Parpinel, Marco"]
[Black "Naumkin, Igor"]
[WhiteElo "2166"]
[BlackElo "2480"]
[Result "0-1"]
[PlyCount "74"]
[EventDate "2012.10.05"]

1. e4 e6 2. d4 d5 3. Nc3 Nf6 4. exd5 exd5 5. Bd3 c5 6. Qe2+ Be7 7. Bb5+ Nc6 8.
Nf3 O-O 9. Bxc6 bxc6 10. Be3 cxd4 11. Nxd4 Bd7 12. Nb3 c5 13. Bg5 d4 14. Bxf6
Bxf6 15. Ne4 Be7 16. O-O Qb6 17. Rfe1 Rfe8 18. c3 Rad8 19. cxd4 cxd4 20. Red1
Bc6 21. Ng3 g6 22. Qd3 Ba8 23. Kh1 a5 24. Qc4 h5 25. f3 h4 26. Ne4 h3 27. Rxd4
hxg2+ 28. Kxg2 Rc8 29. Qd3 Bf8 30. Rf1 Rc6 31. Nbd2 Qxb2 32. Rb1 Qa3 33. Rb3
Qe7 34. Rd7 Qe5 35. Rd5 Qf4 36. Rg5 Rd6 37. Qe2 Qxg5+ 0-1

[Event "Florence Move A"]
[Site "Firenze ITA"]
[Date "2012.10.06"]
[Round "2"]
[White "Sanchez, Joseph"]
[Black "Bartolini, Tommaso"]
[WhiteElo "2544"]
[BlackElo "2178"]
[Result "0-1"]
[PlyCount "88"]
[EventDate "2012.10.05"]

1. e4 e5 2. d4 exd4 3. Qxd4 Nc6 4. Qe3 g6 5. h4 Nf6 6. Be2 h5 7. Nc3 Bg7 8. Qg3
Nd4 9. Bd3 O-O 10. Bg5 c5 11. e5 Qe8 12. O-O-O Ng4 13. f4 d6 14. Nd5 dxe5 15.
Nf3 Qa4 16. Nc3 Qa5 17. Nxe5 Nxe5 18. fxe5 Be6 19. Bf6 Bh6+ 20. Kb1 Bg4 21. Nd5
Nc6 22. Ne3 Nb4 23. Bc4 b5 24. Nxg4 hxg4 25. h5 bxc4 26. a3 Rab8 27. hxg6 Nxc2
28. gxf7+ Rxf7 29. Qxg4+ Bg7 30. Rh8+ Kxh8 31. Bxg7+ Rxg7 32. Rh1+ Rh7 33.
Rxh7+ Kxh7 34. Qh4+ Kg8 35. Qxc4+ Kf8 36. Kxc2 Qb6 37. Qc3 Qg6+ 38. Kc1 Qg5+
39. Kb1 Qf5+ 40. Ka2 Qf2 41. e6 Ke7 42. Qe5 Rb6 43. g4 Qd4 44. Qg5+ Kxe6 0-1

[Event "Florence Move A"]
[Site "Firenze ITA"]
[Date "2012.10.06"]
[Round "3"]
[White "Dvirnyy, Danyyil"]
[Black "Sgnaolin, Davide"]
[WhiteElo "2522"]
[BlackElo "2247"]
[Result "1-0"]
[PlyCount "77"]
[EventDate "2012.10.05"]

1. e4 c5 2. Nf3 Nc6 3. d4 cxd4 4. Nxd4 g6 5. c4 Nf6 6. Nc3 d6 7. Be2 Nxd4 8.
Qxd4 Bg7 9. Be3 O-O 10. Qd2 a5 11. O-O Bd7 12. b3 Bc6 13. f3 Nd7 14. Rab1 b6
15. Rfc1 Nc5 16. Rc2 f5 17. exf5 Rxf5 18. a3 a4 19. b4 Nb3 20. Qd1 Re5 21. Bf2
Bd7 22. Bd3 Rc8 23. Be4 Kh8 24. Qd3 Qg8 25. f4 Rxe4 26. Nxe4 Bf5 27. g4 Bxg4
28. Ng3 Qf7 29. Bxb6 Qxf4 30. Rf1 Qg5 31. Rcf2 h5 32. Be3 Qe5 33. Rf4 Kh7 34.
Re4 Qb2 35. Rxe7 h4 36. Rff7 hxg3 37. Rxg7+ Qxg7 38. Rxg7+ Kxg7 39. hxg3 1-0

[Event "Florence Move A"]
[Site "Firenze ITA"]
[Date "2012.10.06"]
[Round "3"]
[White "Mola, Pietro"]
[Black "Collutiis, Duilio"]
[WhiteElo "2240"]
[BlackElo "2501"]
[Result "0-1"]
[PlyCount "110"]
[EventDate "2012.10.05"]

1. Nf3 Nf6 2. c4 b6 3. g3 Bb7 4. Bg2 g6 5. d4 Bg7 6. O-O O-O 7. d5 c6 8. Nc3
cxd5 9. cxd5 Na6 10. e4 e6 11. Nd4 exd5 12. exd5 Nc7 13. Nb3 Ba6 14. Re1 Rc8
15. Bg5 h6 16. Bf4 Nb5 17. Nxb5 Bxb5 18. Qd2 Kh7 19. Bd6 Re8 20. Rxe8 Nxe8 21.
Ba3 Qf6 22. Rc1 Rxc1+ 23. Qxc1 Nd6 24. Nd2 Nf5 25. Nf3 a5 26. Qf4 Bd3 27. g4
Nd4 28. Qxd4 Qxd4 29. Nxd4 Bxd4 30. Bf1 Bxf1 31. Kxf1 Kg7 32. b3 Kf6 33. f4 h5
34. h3 hxg4 35. hxg4 g5 36. Bc1 Ke7 37. f5 Kd6 38. Bxg5 Kxd5 39. Ke2 Ke4 40.
Bd2 d5 41. Bh6 Be5 42. Bg5 d4 43. Bh6 Bf4 44. Bg7 Be3 45. Bf6 d3+ 46. Kd1 Kf4
47. Bd8 Kxg4 48. f6 Kf5 49. Be7 Ke6 50. Bd8 Kd7 51. Be7 Bg5 52. Ke1 Be3 53. Bf8
Ke6 54. Be7 Bc5 55. Bd8 Kd7 0-1

[Event "Florence Move A"]
[Site "Firenze ITA"]
[Date "2012.10.06"]
[Round "3"]
[White "Naumkin, Igor"]
[Black "Passerotti, Pierluigi"]
[WhiteElo "2480"]
[BlackElo "2234"]
[Result "1-0"]
[PlyCount "103"]
[EventDate "2012.10.05"]

1. d4 d5 2. c4 c6 3. Nf3 e6 4. e3 f5 5. Nc3 Nd7 6. Bd3 Qf6 7. O-O Bd6 8. Bd2
Ne7 9. e4 dxe4 10. Bxe4 Ng6 11. Bc2 O-O 12. Re1 Re8 13. c5 Bf4 14. b4 Ndf8 15.
g3 Bxd2 16. Qxd2 Bd7 17. Bb3 Rad8 18. Re2 h6 19. Rae1 Bc8 20. Qc1 Kh7 21. Na4
Re7 22. Nb2 Rxd4 23. Nxd4 Qxd4 24. Nc4 e5 25. Nd6 Bd7 26. Qc4 Qxc4 27. Nxc4 Ne6
28. Kg2 Nd4 29. Rb2 Nxb3 30. axb3 Be6 31. Nd6 a6 32. f3 h5 33. Rd2 f4 34. Nc4
Bd5 35. Kf2 fxg3+ 36. hxg3 Rf7 37. Re3 h4 38. gxh4 Rf4 39. h5 Nh4 40. Nxe5 Rxb4
41. Red3 Nf5 42. Ng4 Nh6 43. Ne3 Bf7 44. Rd7 Bxh5 45. R2d4 Rxb3 46. Re4 Ng8 47.
Rf4 Bg6 48. Rh4+ Nh6 49. Ng4 Bf5 50. Rxh6+ Kg8 51. Rd8+ Kf7 52. Ne5+ 1-0

[Event "Florence Move A"]
[Site "Firenze ITA"]
[Date "2012.10.07"]
[Round "4"]
[White "Stromboli, Ettore"]
[Black "Dvirnyy, Danyyil"]
[WhiteElo "2338"]
[BlackElo "2522"]
[Result "0-1"]
[PlyCount "82"]
[EventDate "2012.10.05"]

1. e4 c5 2. Nf3 d6 3. d4 cxd4 4. Nxd4 Nf6 5. Nc3 g6 6. Bg5 Bg7 7. Bb5+ Nbd7 8.
O-O O-O 9. Re1 h6 10. Be3 Ne5 11. h3 a6 12. Be2 Qc7 13. f4 Nc4 14. Bxc4 Qxc4
15. Qd3 Qxd3 16. cxd3 e6 17. Na4 Nd7 18. Nb3 b5 19. Nc3 Rd8 20. Rac1 Bf8 21.
Na5 Nc5 22. Red1 b4 23. d4 Nb7 24. Nxb7 Bxb7 25. Na4 Bxe4 26. Nb6 Rab8 27. d5
e5 28. Nc4 exf4 29. Bxf4 Rb5 30. Ne3 g5 31. Bg3 f5 32. Be1 a5 33. Rc4 Re8 34.
b3 f4 35. Ng4 Bg7 36. Rc6 Rxd5 37. Rxd6 Rxd1 38. Rxd1 Bc2 39. Rc1 Re2 40. Kf1
Bd3 41. Nf2 Bb5 0-1

[Event "Florence Move A"]
[Site "Firenze ITA"]
[Date "2012.10.07"]
[Round "4"]
[White "Vuelban, Virgilio"]
[Black "Naumkin, Igor"]
[WhiteElo "2301"]
[BlackElo "2480"]
[Result "0-1"]
[PlyCount "48"]
[EventDate "2012.10.05"]

1. e4 e6 2. d4 d5 3. Nc3 Nf6 4. Bg5 Be7 5. e5 Nfd7 6. h4 a6 7. Qg4 Bxg5 8. hxg5
c5 9. g6 f5 10. Qg3 h6 11. O-O-O cxd4 12. Nce2 Nc6 13. f4 Nc5 14. Nxd4 Nxd4 15.
Rxd4 Qb6 16. Qe3 Bd7 17. Nf3 Rc8 18. b3 Ne4 19. Qe1 Qc5 20. Bd3 Qa3+ 21. Kd1
Qxa2 22. Ke2 Bb5 23. Ke3 Bxd3 24. cxd3 Rc1 0-1

[Event "Florence Move A"]
[Site "Firenze ITA"]
[Date "2012.10.07"]
[Round "5"]
[White "Dvirnyy, Danyyil"]
[Black "Drei, Andrea"]
[WhiteElo "2522"]
[BlackElo "2267"]
[Result "1-0"]
[PlyCount "87"]
[EventDate "2012.10.05"]

1. e4 c5 2. Nf3 a6 3. c4 Nc6 4. d4 cxd4 5. Nxd4 e5 6. Nc2 d6 7. Nc3 Be6 8. Be2
g6 9. O-O Bg7 10. Be3 Nge7 11. Qd2 O-O 12. Rfd1 Rc8 13. b3 Qa5 14. Na4 Qxd2 15.
Rxd2 Rcd8 16. Rad1 Nc8 17. c5 dxc5 18. Nxc5 Rxd2 19. Rxd2 Nd8 20. Nxe6 Nxe6 21.
Rd7 Rd8 22. Rxb7 Nd6 23. Rb4 Rc8 24. Na3 Bf8 25. Ra4 Nc5 26. Bxc5 Rxc5 27. Nc4
Nxe4 28. Rxa6 f5 29. Kf1 Rc8 30. f3 Nc5 31. Ra7 Ne6 32. Ra5 e4 33. fxe4 fxe4
34. Bg4 Rc6 35. Bxe6+ Rxe6 36. Re5 Rxe5 37. Nxe5 Bd6 38. Ng4 Kf7 39. h3 Ke6 40.
Ke2 Bc5 41. a4 h5 42. Ne3 Ke5 43. a5 Kd4 44. a6 1-0

[Event "Florence Move A"]
[Site "Firenze ITA"]
[Date "2012.10.07"]
[Round "5"]
[White "Passerotti, Pierluigi"]
[Black "Sanchez, Joseph"]
[WhiteElo "2234"]
[BlackElo "2544"]
[Result "0-1"]
[PlyCount "106"]
[EventDate "2012.10.05"]

1. d4 d5 2. c4 e6 3. Nc3 c6 4. Nf3 Nf6 5. Bg5 Nbd7 6. e3 Qa5 7. Nd2 Bb4 8. Qc2
e5 9. dxe5 Ne4 10. Ncxe4 dxe4 11. O-O-O h6 12. Bh4 Qxa2 13. Nxe4 O-O 14. f4 Nb6
15. g4 Be6 16. Rg1 Nxc4 17. Bxc4 Bxc4 18. g5 h5 19. g6 Bb3 20. Nf6+ Kh8 21. Qb1
Qxb1+ 22. Kxb1 Bxd1 23. Rxd1 gxf6 24. Bxf6+ Kg8 25. g7 Rfe8 26. Rg1 Kh7 27. Rg5
Kh6 28. f5 Be7 29. Bxe7 Rxe7 30. g8=Q Rxg8 31. Rxg8 Rxe5 32. Rb8 b6 33. Rb7 Kg7
34. Rxa7 Rxe3 35. Rc7 c5 36. Rc6 Re1+ 37. Ka2 Rh1 38. Rxb6 Rxh2 39. Rc6 Rc2 40.
Kb1 Rc4 41. b3 Rb4 42. Kc2 h4 43. Rxc5 h3 44. Re5 h2 45. Re1 Rh4 46. Rh1 Kf6
47. Kd3 Kxf5 48. Ke3 Kg4 49. Kf2 Kh3 50. Rd1 Rf4+ 51. Ke3 Rg4 52. Kf2 Rg2+ 53.
Kf3 Rg1 0-1

[Event "Florence Move B"]
[Site "Firenze ITA"]
[Date "2012.10.05"]
[Round "1"]
[White "Caporale, Giuseppe Guido"]
[Black "Ballista, Massimiliano"]
[WhiteElo "1797"]
[BlackElo "1620"]
[Result "1-0"]
[PlyCount "41"]
[EventDate "2012.10.05"]

1. e4 e5 2. Nf3 Nc6 3. Bc4 Bc5 4. b4 Bxb4 5. c3 Ba5 6. d4 exd4 7. O-O Nge7 8.
cxd4 O-O 9. d5 Nb8 10. e5 b6 11. Qd3 h6 12. Bb2 Bb7 13. Na3 d6 14. Rfd1 dxe5
15. Nxe5 Nd7 16. Nf3 Kh8 17. Bb3 f6 18. Bc2 f5 19. d6 cxd6 20. Qxd6 Bxf3 21.
Qxh6+ 1-0

[Event "Florence Move B"]
[Site "Firenze ITA"]
[Date "2012.10.06"]
[Round "2"]
[White "Trifoni, Giorgio"]
[Black "Caporale, Giuseppe Guido"]
[WhiteElo "1679"]
[BlackElo "1797"]
[Result "0-1"]
[PlyCount "86"]
[EventDate "2012.10.05"]

1. Nf3 d6 2. d4 Nf6 3. Bf4 Bg4 4. Nbd2 h6 5. h3 Bf5 6. e3 e6 7. Bd3 Bxd3 8.
cxd3 Be7 9. e4 O-O 10. e5 Nd5 11. Bg3 Nc6 12. O-O dxe5 13. dxe5 Ndb4 14. a3
Nxd3 15. Qc2 Nc5 16. b4 Qd3 17. Qc4 Qxc4 18. Nxc4 Ne4 19. Bf4 b5 20. Ne3 Nc3
21. Rfe1 Rfd8 22. Kf1 a5 23. Rac1 axb4 24. axb4 Rd3 25. Nd1 Bxb4 26. Nb2 Rd5
27. Bd2 Na4 28. Nxa4 Bxd2 29. Nxd2 Rxa4 30. Nb1 Rc4 31. Rxc4 bxc4 32. f4 g5 33.
Rc1 Rd4 34. fxg5 hxg5 35. Nc3 Nxe5 36. Nb5 Rf4+ 37. Ke2 Nd3 38. Rg1 Rf2+ 39.
Ke3 c5 40. Nd6 Rc2 41. Nxc4 Nf4 42. Nd2 f5 43. Nf3 Re2# 0-1

[Event "Florence Move B"]
[Site "Firenze ITA"]
[Date "2012.10.06"]
[Round "3"]
[White "Caporale, Giuseppe Guido"]
[Black "Benedettini, Adriano"]
[WhiteElo "1797"]
[BlackElo "1716"]
[Result "1-0"]
[PlyCount "87"]
[EventDate "2012.10.05"]

1. e4 e6 2. d4 b6 3. Bd3 Bb7 4. Qe2 Be7 5. Nf3 Nf6 6. O-O O-O 7. c4 d5 8. cxd5
exd5 9. e5 Ne8 10. Nc3 Bc8 11. h3 Be6 12. Be3 Nc6 13. Rac1 Nb4 14. Bb1 c5 15.
a3 Nc6 16. Rfd1 c4 17. Nh2 Bg5 18. f4 Bh6 19. Ng4 Bxg4 20. Qxg4 g6 21. Ne2 Nc7
22. Bf2 Qc8 23. Qf3 Ne7 24. g4 Qd7 25. Kh2 Kh8 26. Bh4 b5 27. Rg1 Rg8 28. Bf6+
Bg7 29. Bxg7+ Rxg7 30. f5 Rgg8 31. Rg3 Raf8 32. Rd1 Nc6 33. h4 a5 34. Qf4 b4
35. Qh6 Ne8 36. f6 Qe6 37. Nf4 Qc8 38. h5 bxa3 39. hxg6 fxg6 40. Bxg6 Qb7 41.
bxa3 a4 42. Bf5 Qf7 43. Rh3 Nxf6 44. exf6 1-0

[Event "Florence Move B"]
[Site "Firenze ITA"]
[Date "2012.10.07"]
[Round "4"]
[White "Bettazzi, Daniele"]
[Black "Caporale, Giuseppe Guido"]
[WhiteElo "1760"]
[BlackElo "1797"]
[Result "1-0"]
[PlyCount "119"]
[EventDate "2012.10.05"]

1. e4 c5 2. c3 Nf6 3. e5 Nd5 4. d4 cxd4 5. cxd4 d6 6. Nf3 Nc6 7. Nc3 dxe5 8.
dxe5 Nxc3 9. Qxd8+ Nxd8 10. bxc3 e6 11. Nd4 a6 12. Bd3 Be7 13. Rb1 Bd7 14. Be4
Rb8 15. O-O O-O 16. Be3 Bc5 17. Rfd1 Ba4 18. Rd2 Bxd4 19. Rxd4 Bc6 20. f4 Bxe4
21. Rxe4 Rc8 22. c4 Rc7 23. Rd1 Nc6 24. Bb6 Rcc8 25. Rd7 Rb8 26. Bc7 Ra8 27.
Bd6 Rfd8 28. Rxb7 f5 29. Re3 Rdc8 30. Rg3 g6 31. Rh3 Nd8 32. Re7 Nf7 33. c5
Nxd6 34. exd6 Rxc5 35. Rhxh7 Rc1+ 36. Kf2 Rb8 37. d7 Rb2+ 38. Kg3 Rd2 39. Rhg7+
Kh8 40. Rxg6 Rcd1 41. Rgxe6 a5 42. Re8+ Kg7 43. d8=Q Rxd8 44. Rxd8 Rxd8 45. Re5
Rd3+ 46. Kf2 Rd2+ 47. Re2 Rd4 48. g3 a4 49. Ke3 Rb4 50. Kd3 a3 51. Rc2 Kf6 52.
Rc6+ Ke7 53. Ra6 Rb2 54. Rxa3 Rxh2 55. Kd4 Re2 56. Ra5 Rg2 57. Ke5 Rxg3 58.
Ra7+ Ke8 59. Kxf5 Rc3 60. a4 1-0

[Event "Florence Move B"]
[Site "Firenze ITA"]
[Date "2012.10.07"]
[Round "5"]
[White "Simonini, Mattia"]
[Black "Diena, Giovanni"]
[WhiteElo "1772"]
[BlackElo "1771"]
[Result "1/2-1/2"]
[PlyCount "87"]
[EventDate "2012.10.05"]

1. d4 Nf6 2. c4 e6 3. Nc3 Bb4 4. a3 Bxc3+ 5. bxc3 c5 6. Nf3 Nc6 7. e3 O-O 8.
Bd3 d5 9. cxd5 Nxd5 10. Qc2 Nf6 11. O-O Qe7 12. c4 h6 13. Bb2 Rd8 14. Rfd1 b6
15. Rac1 Bb7 16. Be2 Rac8 17. Qb1 Ba8 18. h3 Na5 19. Qa2 Bc6 20. Nd2 Ne4 21.
Nxe4 Bxe4 22. Bf1 Qg5 23. dxc5 bxc5 24. Bc3 Nc6 25. Qe2 Bf5 26. Kh1 Bg6 27.
Rxd8+ Rxd8 28. Qf3 Ne5 29. Bxe5 Qxe5 30. Qb7 Be4 31. Qxa7 Ra8 32. Qe7 Rxa3 33.
Qd8+ Kh7 34. Rd1 Qf5 35. Kg1 Ra2 36. Rd2 Ra1 37. Rd1 Ra8 38. Qd7 h5 39. Qd6 Qg5
40. Qd7 Qf6 41. Bd3 Bxd3 42. Qxd3+ g6 43. Qd6 Ra2 44. Rd2 1/2-1/2

[Event "C.to Mondiale U08"]
[Site "Maribor SLO"]
[Date "2012.11.09"]
[Round "2"]
[White "Mohammadi, Pouya"]
[Black "Becchi, Andrea"]
[WhiteElo "1653"]
[BlackElo "1515"]
[Result "1-0"]
[PlyCount "59"]
[EventDate "2012.11.08"]

1. e4 e5 2. Nf3 Nc6 3. Bc4 Bc5 4. c3 Nf6 5. d3 h6 6. Nbd2 d6 7. h3 O-O 8. Nf1
Re8 9. Ng3 Bb6 10. O-O Qe7 11. Be3 Bd7 12. Bb3 Rad8 13. Nh4 Qf8 14. Ng6 Be6 15.
Nxf8 Kxf8 16. Bxb6 axb6 17. f4 exf4 18. Rxf4 Bxb3 19. axb3 d5 20. Qf1 Re6 21.
b4 b5 22. Rf5 Re5 23. Rxe5 Nxe5 24. d4 Nc4 25. e5 Ne4 26. Nxe4 dxe4 27. e6 Kg8
28. Qxf7+ Kh7 29. e7 Rd7 30. Qf5+ 1-0

[Event "C.to Mondiale U08 femminile"]
[Site "Maribor SLO"]
[Date "2012.11.09"]
[Round "2"]
[White "Tereshechkina, Taisiya"]
[Black "Garau, Francesca"]
[WhiteElo "1642"]
[BlackElo "1446"]
[Result "1-0"]
[PlyCount "109"]
[EventDate "2012.11.08"]

1. e4 d5 2. exd5 Qxd5 3. Nc3 Qa5 4. d4 Bf5 5. Nf3 e6 6. Bb5+ c6 7. Be2 Bd6 8.
O-O Nf6 9. Bg5 Nbd7 10. Re1 O-O 11. h3 h6 12. Be3 Qc7 13. Bd3 Bxd3 14. Qxd3
Rac8 15. Rad1 Rfd8 16. a3 c5 17. Nb5 Qb6 18. Nxd6 Qxd6 19. dxc5 Qxd3 20. Rxd3
e5 21. Nd2 b6 22. b4 e4 23. Rd6 Ne5 24. Rxd8+ Rxd8 25. cxb6 axb6 26. Kf1 b5 27.
Ke2 Nd5 28. Nxe4 f5 29. Nd2 f4 30. Bd4 Nc6 31. c3 Nxd4+ 32. cxd4 Nc3+ 33. Kd3
Na4 34. Rb1 g5 35. Ne4 Rf8 36. Nc3 Nb6 37. Nxb5 f3 38. g3 Re8 39. Nc3 Ra8 40.
Ra1 Rd8 41. a4 Ra8 42. d5 Kf7 43. Kd4 Ke7 44. a5 Nc8 45. b5 Kd7 46. Ne4 Nb6 47.
Kc5 Kc7 48. axb6+ Kb7 49. Rxa8 Kxa8 50. Kc6 Kb8 51. d6 Kc8 52. b7+ Kb8 53. d7
g4 54. d8=Q+ Ka7 55. Qa8# 1-0

[Event "C.to Mondiale U08 femminile"]
[Site "Maribor SLO"]
[Date "2012.11.12"]
[Round "6"]
[White "Garau, Francesca"]
[Black "Lehaci, Miruna-Daria"]
[WhiteElo "1446"]
[BlackElo "1445"]
[Result "0-1"]
[PlyCount "48"]
[EventDate "2012.11.08"]

1. d4 f5 2. Bf4 Nf6 3. e3 d5 4. Bd3 e6 5. Nf3 Bd6 6. O-O O-O 7. Qe2 Nc6 8. Nbd2
Ne4 9. Rfe1 Qf6 10. c4 Bxf4 11. exf4 Nxd4 12. Nxd4 Qxd4 13. Nxe4 fxe4 14. Bc2
Rxf4 15. b3 e5 16. Rad1 Qb6 17. h3 Bf5 18. Rxd5 Qg6 19. Kh2 Rf8 20. Rf1 Qh6 21.
c5 Rf3 22. gxf3 Qxh3+ 23. Kg1 exf3 24. Bxf5 Qg2# 0-1

[Event "C.to Mondiale U10"]
[Site "Maribor SLO"]
[Date "2012.11.08"]
[Round "1"]
[White "Matviishen, Viktor"]
[Black "Sonis, Francesco"]
[WhiteElo "1981"]
[BlackElo "1518"]
[Result "1/2-1/2"]
[PlyCount "55"]
[EventDate "2012.11.08"]

1. e4 e5 2. Nf3 Nc6 3. d4 exd4 4. Nxd4 Bc5 5. Nb3 Bb6 6. Nc3 a6 7. Bf4 d6 8.
Qd2 Be6 9. O-O-O Qd7 10. Nd5 Bxd5 11. exd5 Nce7 12. c4 Nf6 13. Bd3 O-O 14. f3
Ng6 15. Bg5 Ne5 16. Bxf6 Nxd3+ 17. Qxd3 gxf6 18. Nd2 f5 19. h3 Ba5 20. g4 Bxd2+
21. Rxd2 Rfe8 22. Rg1 f4 23. Qd4 Re5 24. Qxf4 Rae8 25. Qd4 Qa4 26. b3 Qa3+ 27.
Kb1 a5 28. Qb2 1/2-1/2

[Event "C.to Mondiale U10"]
[Site "Maribor SLO"]
[Date "2012.11.09"]
[Round "2"]
[White "Sonis, Francesco"]
[Black "Samsonov, Nikita"]
[WhiteElo "1518"]
[BlackElo "1849"]
[Result "0-1"]
[PlyCount "92"]
[EventDate "2012.11.08"]

1. e4 e5 2. Nf3 Nc6 3. Bc4 Bc5 4. d3 Nf6 5. c3 a6 6. h3 h6 7. Bb3 O-O 8. O-O
Re8 9. Re1 d5 10. exd5 Nxd5 11. d4 Bf8 12. dxe5 Nde7 13. Qxd8 Nxd8 14. Bf4 g5
15. Bh2 Bg7 16. Nbd2 Ng6 17. Ne4 Ne6 18. Nf6+ Bxf6 19. exf6 c5 20. Rad1 b5 21.
Bd5 Ra7 22. Bc6 Rf8 23. Bd6 Bb7 24. Bxf8 Bxc6 25. Bd6 Bxf3 26. gxf3 Nh4 27. Re3
Rd7 28. Kf1 c4 29. Rd2 Nf5 30. Rxe6 fxe6 31. Bf4 Rxd2 32. Bxd2 Kf7 33. f4 Kxf6
34. Ke2 e5 35. fxe5+ Kxe5 36. Kf3 Nd6 37. Be3 Kf5 38. Bc5 Ne4 39. Be3 Nd6 40.
Bc5 Nf7 41. Bd4 h5 42. Kg3 Nd8 43. f3 Nc6 44. h4 gxh4+ 45. Kxh4 Nxd4 46. cxd4
b4 0-1

[Event "C.to Mondiale U10"]
[Site "Maribor SLO"]
[Date "2012.11.09"]
[Round "2"]
[White "Taghizadeh, Rayan"]
[Black "Wang, Cesare"]
[WhiteElo "1951"]
[BlackElo "1710"]
[Result "1-0"]
[PlyCount "85"]
[EventDate "2012.11.08"]

1. e4 c6 2. d4 d5 3. Nd2 dxe4 4. Nxe4 Bf5 5. Ng3 Bg6 6. Nf3 Nd7 7. h4 h6 8. h5
Bh7 9. Bd3 Bxd3 10. Qxd3 Ngf6 11. Bd2 Qc7 12. O-O-O O-O-O 13. Ne4 e6 14. g3
Nxe4 15. Qxe4 Bd6 16. c4 c5 17. Kb1 Nf6 18. Qe2 Rhe8 19. Bc3 Re7 20. dxc5 Qxc5
21. Ka1 Rc7 22. Be5 Rcd7 23. Bd4 Qa5 24. Nd2 a6 25. Nb3 Qf5 26. Rc1 Bc7 27. Be3
Ng4 28. c5 Nxe3 29. fxe3 Qd3 30. Qf3 Qd5 31. Qe2 Bxg3 32. c6 Rc7 33. Rhd1 Qg5
34. Rxd8+ Qxd8 35. cxb7+ Kxb7 36. Qg2+ Kb6 37. Qxg3 Rxc1+ 38. Nxc1 Qc7 39. Qe1
Qc5 40. a3 Qxh5 41. Qg3 Qh1 42. Qb8+ Kc6 43. Qa8+ 1-0

[Event "C.to Mondiale U10"]
[Site "Maribor SLO"]
[Date "2012.11.10"]
[Round "3"]
[White "Wang, Cesare"]
[Black "Kmetic, Val"]
[WhiteElo "1710"]
[BlackElo "1266"]
[Result "1-0"]
[PlyCount "71"]
[EventDate "2012.11.08"]

1. d4 d5 2. c4 c6 3. Nf3 e6 4. e3 Nf6 5. Nc3 Be7 6. Qc2 O-O 7. Bd3 dxc4 8. Bxc4
Nbd7 9. O-O Nb6 10. Bd3 Bd7 11. e4 h6 12. Rd1 Rc8 13. Be3 Qc7 14. Rac1 c5 15.
Nb5 Bxb5 16. Bxb5 a6 17. Bd3 c4 18. Be2 Rfd8 19. h3 Qc6 20. Nd2 Rd7 21. f3 Rdc7
22. Qb1 Qd7 23. a3 Rc6 24. Rc3 Qc7 25. Rdc1 Qd7 26. Nxc4 Nxc4 27. Rxc4 Rxc4 28.
Rxc4 Rxc4 29. Bxc4 Qc6 30. Bf1 Qb6 31. Qc1 Qd8 32. Qc3 Bd6 33. Qb3 Bg3 34. Qxb7
Qa5 35. Qxa6 Qe1 36. Qe2 1-0

[Event "C.to Mondiale U10"]
[Site "Maribor SLO"]
[Date "2012.11.12"]
[Round "5"]
[White "Wang, Cesare"]
[Black "Chukavin, Kirill"]
[WhiteElo "1710"]
[BlackElo "1905"]
[Result "0-1"]
[PlyCount "62"]
[EventDate "2012.11.08"]

1. d4 f5 2. c4 Nf6 3. Nf3 g6 4. Nc3 Bg7 5. g3 O-O 6. Bg2 d6 7. O-O Qe8 8. Qd3
e5 9. dxe5 dxe5 10. Qc2 e4 11. Ne1 Nc6 12. Be3 Qf7 13. b3 Re8 14. h3 Be6 15. a3
Rad8 16. Qc1 Nh5 17. Rb1 Nd4 18. Bg5 Rd7 19. Qe3 Qf8 20. a4 h6 21. Bh4 g5 22.
g4 fxg4 23. hxg4 Bxg4 24. Bg3 Nf5 25. Qc1 Nhxg3 26. fxg3 Qc5+ 27. Kh2 Qe3 28.
Nxe4 Rxe4 29. Bxe4 Qxg3+ 30. Kh1 Qh3+ 31. Kg1 Bd4+ 0-1

[Event "C.to Mondiale U10"]
[Site "Maribor SLO"]
[Date "2012.11.17"]
[Round "10"]
[White "Wang, Cesare"]
[Black "Kozak, Adam"]
[WhiteElo "1710"]
[BlackElo "2036"]
[Result "1/2-1/2"]
[PlyCount "152"]
[EventDate "2012.11.08"]

1. d4 d5 2. c4 c6 3. Nf3 Nf6 4. e3 e6 5. Bd3 Nbd7 6. O-O Bd6 7. Nbd2 O-O 8. e4
dxe4 9. Nxe4 Nxe4 10. Bxe4 Nf6 11. Bc2 Qc7 12. Re1 Bf4 13. Qe2 Bxc1 14. Raxc1
b6 15. Rcd1 Bb7 16. Ng5 Rad8 17. Qd3 g6 18. Ne4 Nxe4 19. Rxe4 Qe7 20. Qh3 Qf6
21. Qa3 c5 22. Ree1 Qg5 23. Be4 Bxe4 24. Rxe4 Rd7 25. Qe3 Qf6 26. Rf4 Qg7 27.
Re1 cxd4 28. Qd3 Rfd8 29. Rfe4 Qf8 30. Rd1 Qb4 31. Qb3 Qc5 32. Qd3 a6 33. a4
Qb4 34. b3 Qc5 35. f4 Qb4 36. Kf2 Qe7 37. Rde1 Qf6 38. Kg1 Qf5 39. Rf1 Kg7 40.
Rf2 Kg8 41. Rf1 Qa5 42. Rc1 Rc7 43. Kh1 Qc5 44. Rd1 Rcd7 45. Kg1 Qb4 46. Rc1
Rd6 47. Kh1 Qa3 48. Rce1 Qb2 49. R4e2 Qc3 50. Rd2 a5 51. h3 Qxd3 52. Rxd3 f6
53. g4 Kf7 54. Kg2 h6 55. h4 Ke7 56. Kf3 Kd7 57. g5 fxg5 58. fxg5 Rf8+ 59. Kg4
h5+ 60. Kg3 Rf5 61. Rf3 d3 62. Rd1 Rxf3+ 63. Kxf3 d2 64. Ke3 Kc6 65. Rxd2 Rxd2
66. Kxd2 Kd6 67. Ke2 Kc5 68. Kd3 Kb4 69. Kd4 Kxb3 70. Ke5 Kxa4 71. Kf6 e5 72.
Kxg6 e4 73. Kxh5 e3 74. g6 e2 75. g7 e1=Q 76. g8=Q Qe2+ 1/2-1/2

[Event "C.to Mondiale U10"]
[Site "Maribor SLO"]
[Date "2012.11.18"]
[Round "11"]
[White "Ulker, Tolga"]
[Black "Wang, Cesare"]
[WhiteElo "1801"]
[BlackElo "1710"]
[Result "1-0"]
[PlyCount "93"]
[EventDate "2012.11.08"]

1. e4 c6 2. d4 d5 3. exd5 cxd5 4. Bd3 Nc6 5. c3 Nf6 6. Bf4 e6 7. Nf3 Bd6 8.
Bxd6 Qxd6 9. O-O O-O 10. Re1 a6 11. Nbd2 b6 12. Ne5 Bb7 13. Ndf3 h6 14. Qe2 b5
15. Nxc6 Bxc6 16. Ne5 Bb7 17. Qd2 Rfc8 18. a3 Nd7 19. Re3 Nxe5 20. Rxe5 Bc6 21.
Re3 Qf4 22. Qe2 Be8 23. Rg3 Rab8 24. Rg4 Qf6 25. Re1 a5 26. Qd2 Kf8 27. Rf4 Qe7
28. g3 b4 29. axb4 axb4 30. Rh4 Qg5 31. Rf4 Rc6 32. Qe2 Rbb6 33. Rg4 Qf6 34.
Rf4 Qg5 35. h4 Qe7 36. c4 dxc4 37. Bxc4 Qc7 38. b3 g5 39. hxg5 hxg5 40. Rf6 Qd8
41. Qe5 Qd6 42. Qe3 Qe7 43. Rh6 Kg7 44. Rh5 f6 45. Rh3 Rd6 46. Bd3 Qd7 47. Rh7+
1-0